| 000 | 00530nam a2200193Ia 4500 | ||
|---|---|---|---|
| 999 |
_c14961 _d14961 |
||
| 003 | OSt | ||
| 005 | 20201110124351.0 | ||
| 008 | 190216s9999||||xx |||||||||||||| ||und|| | ||
| 020 | _a8178120402 | ||
| 040 | _coclc | ||
| 082 |
_a428.2 _bGUP/E |
||
| 100 |
_aGupta, Anjani A _96389 |
||
| 245 | 0 |
_aEngliish Reading Comprehension / _cAnjani A Gupta |
|
| 250 | _a1st Ed. | ||
| 260 |
_bRamesh Publishing House, _aNew Delhi: |
||
| 300 | _a240p | ||
| 650 | _aEng | ||
| 942 |
_cBK _2ddc _h428.2 _iGUP/E _k428.2 _mGUP/E |
||